00948nam a22002411 450000100060000000300080000600500170001400800410003103500140007204000320008604100080011808200210012611100740014724501760022126000510039730000340044850000670048250400410054965000310059070000400062171000210066171000240068234105BD-RjUL20211209052115.0140514s1966 iluab b 101 0 eng d a(BD-RjUL) aDLCcDLCdDLCdBD-RjULbeng aeng00a363.96bFAM 19662 aInternational Conference on Family Planning Programs,cGeneva,d1965.10aFamily planning and population programs :ba review of world developments /c[Proceedings, edited by the Planning Committee for the conference, Bernard Berelson, chairman] aChicago :bUniversity of Chicago Press,c1966. axvi, 848 p. :bill. ;c24 cm. a"Sponsored by the Ford Foundation and the Population Council." aBibliographical footnotes. and Index 0aBirth controlvCongresses.1 aBerelson, Bernard,d1912-1979,eed.2 aFord Foundation.2 aPopulation Council.